000
00259nam a2200109Ia 4500
008
240625s9999 xx 000 0 und d
041
_a
eng
082
_a
519.2 DEV
100
_a
DEVORE JAY
245
_a
MODERN MATHEMATICAL STATISTICS WITH APPL
260
_c
2007
999
_c
33820
_d
33820